=LDR 00000nam 2200000 4500 =001 INLIS00000000000044 =005 20260702043538 =020 ##$$a 978-623-88100-0-0 =082 ##$$a 362.820 =100 1#$$a Noviant, Lucia Peppy =245 1 $$a Ketika Badai Datang, Sebuah Panduan Awal Dalam Menghadapi Krisis Keluarga /$c Lucia Peppy Noviant =300 ##$$a xiv + 114 ; 15 x 21 cm